| 000 | 01352cam a22003737a 4500 | ||
|---|---|---|---|
| 003 | CHAP | ||
| 005 | 20220329143051.0 | ||
| 008 | 051129d2005 mx r 00110 spa d | ||
| 010 | _a91445 | ||
| 011 | _a92417 | ||
| 035 | _a102981 | ||
| 040 | _cCHAP | ||
| 090 | _aTesis | ||
| 100 | 0 | 0 |
_aSuárez López, Jesús Ruvisel. _9110709 |
| 245 | 1 | 0 |
_aAmamantamiento y su efecto en la respuesta a la sincronización del estro en ovejas Pelibuey durante la época reproductiva _c/por Jesús Ruvisel Suárez López |
| 260 |
_aChapingo, Méx. : _bEl autor, _c2005. |
||
| 300 | _a49 h. | ||
| 502 | _aTesis (Ing. Agr. Esp. en Zootecnia) - - UACH. Departamento de Zootecnia | ||
| 590 |
_aALEPH _b10 _c20130110 _lUCH01 _h1508 |
||
| 590 |
_aBATCH-UPD _b10 _c20130110 _lUCH01 _h0503 |
||
| 590 |
_aBATCH-UPD _b10 _c20130410 _lUCH01 _h0141 |
||
| 590 |
_aBATCH-UPD _b10 _c20130914 _lUCH01 _h0700 |
||
| 590 |
_aCONVERSION _b10 _c20130109 _lUCH01 _h1351 |
||
| 650 | 1 | 4 |
_aBorrego Pelibuey. _913937 |
| 650 | 1 | 4 |
_aCiclo estrual. _923072 |
| 650 | 1 | 4 |
_aGanado lanar _xRazas. _945218 |
| 650 | 1 | 4 |
_aGanado lanar _xReproducción. _945220 |
| 650 | 1 | 4 |
_aSincronización del celo. _9106556 |
| 901 | _aBK | ||
| 905 | _aLilia | ||
| 942 | _cFOLL | ||
| 949 |
_aTesis _bBC _cTES _d33724000970067 _eTS2 _fc.2 _h44407 _i102981 _sb |
||
| 949 |
_aTesis _bBC _cTES _d33724000970125 _eTS1 _h44406 _i102981 _sb |
||
| 999 |
_c91445 _d91445 |
||